| 000 | 00742nas a2200253 4500 | ||
|---|---|---|---|
| 001 | BR8006434 | ||
| 003 | BR-BrBNA | ||
| 005 | 20231205084421.0 | ||
| 007 | ta | ||
| 008 | 230509b bl.|||p| |||| 00| 00por d | ||
| 040 |
_aBR-BrBNA _bpor _cBiblioteca Nacional de Agricultura |
||
| 041 | _a(Pt) | ||
| 072 | _aH20 | ||
| 100 | 1 | _aLeng, R. de O. | |
| 100 | 1 | _aGeske, S.B. | |
| 100 | 1 | _aPinheiro, J.M. | |
| 245 | 1 | _aMildio, uma doenca da cultura do milho [Zea mays, Sclerospora sorghi, Rio Grande do Sul, Brasil] | |
| 650 | _aMILHO | ||
| 650 | _aMILDIO | ||
| 650 | _aRIO GRANDE DO SUL | ||
| 773 | 0 |
_tLavoura Pecuaria (Brazil) _x _g(Mar 1980), v. 2(10) p. 32 _wBR8006434 |
|
| 909 |
_a202311 _bLúcia _c55 _dLúcia Elande |
||
| 942 |
_2AGRIS _n0 _cANA |
||
| 999 |
_c105094 _d105094 |
||